000
00338 a2200157 4500
001
61086
020
_a
85-16-03089-x
040
_c
Anchieta - Pituba
100
_a
Elisabeth Prescher
240
1
0
_a
New our way 1
_l
por
245
1
0
_a
New our way 1
300
_a
135
362
0
_a
2002
650
4
_a
Inglês e inglês antigo
942
_c
BK
999
_c
61086
_d
61086